| 000 | 00635nam a2200217 a 4500 | ||
|---|---|---|---|
| 999 |
_c8294 _d8294 |
||
| 001 | 8294 | ||
| 003 | BD-JhCC | ||
| 005 | 20180220173543.0 | ||
| 008 | 171015s1986 bg |||| ||a| 000 0 ben d | ||
| 035 | _a(BD-JhCC) 8294 | ||
| 040 |
_aBD-JhCC _dBD-JhCC |
||
| 041 | _aben | ||
| 082 |
_a784 _bKHA 1986 |
||
| 100 | _aখান, মোবারক হোসেন | ||
| 245 |
_aযন্ত্রসাধন / _cমোবারক হোসেন খান |
||
| 260 |
_aঢাকা : _bবাংলা একাডেমী, _c1986. |
||
| 300 |
_a205 p.; _c25 cm. |
||
| 650 | _aInstrumental Music | ||
| 942 |
_2ddc _cBK |
||